000 00663nam a22001935i 4500
001 158794
003 ES-MaACL
005 20230906211323.0
008 040907s1800 xxkaf |||| | eng d
040 _aCAM
_bspa
_cCAM
100 1 _aMarmontel, Jean-François.
_9129519
245 1 0 _aMoral tales /
_cby M. Marmontel; vol. II.
250 _aA new edition.
260 _aLondon :
_bprinted for Cadell and Davis ... [et al.] ... by J. Cundee,
_c1800.
300 _a[4], 288 p., [5] h. de grab. ;
_c12º.
597 _aSign.: []\p2\s, B-M\p12\s.
599 _aLas h. de grab. calc.: "J. Scott sculp., Sharp sculp."
852 _aES-MaACL
_jG-10547
_z-- enc. hol.
999 _c158794
_d158794